International Organization: Theories and Institutions (Record no. 1848281)

MARC details
000 -LEADER
fixed length control field 00330 a2200121 4500
000 - LEADER
fixed length control field nam a22 7a 4500
005 - DATE AND TIME OF LATEST TRANSACTION
control field 20260416113246.0
020 ## - INTERNATIONAL STANDARD BOOK NUMBER
International Standard Book Number 9783031225581
100 ## - MAIN ENTRY--PERSONAL NAME
Personal name J. Samuel Barkin
9 (RLIN) 1234935
245 ## - TITLE STATEMENT
Title International Organization: Theories and Institutions
260 ## - PUBLICATION, DISTRIBUTION, ETC.
Name of publisher, distributor, etc. Palgrave Macmillan
Date of publication, distribution, etc. 2023
942 ## - ADDED ENTRY ELEMENTS (KOHA)
Koha item type Textual
Holdings
Withdrawn status Lost status Source of classification or shelving scheme Damaged status Not for loan Home library Current library Date acquired Source of acquisition Inventory number Total Checkouts Date last seen Price effective from Koha item type
    Colon Classification (CC)   Ordered South Campus Library South Campus Library 2026-04-16 The Book Kart BKB305 & 28-01-2026   2026-04-16 2026-04-16 Textual
Copyright @ Delhi University Library System